Online
Catalog

La cultura en el Banco Central : (Record no. 49496)

MARC details
000 -CABECERA
campo de control de longitud fija 03247nam a2200409 i 4500
003 - IDENTIFICADOR DEL NÚMERO DE CONTROL
campo de control DO-SdBNP
005 - FECHA Y HORA DE LA ÚLTIMA TRANSACCIÓN
campo de control 20250227073855.0
007 - CAMPO FIJO DE DESCRIPCIÓN FÍSICA--INFORMACIÓN GENERAL
campo de control de longitud fija ta
008 - DATOS DE LONGITUD FIJA--INFORMACIÓN GENERAL
campo de control de longitud fija 210304b 2020 dr a s 00| 0 eng d
020 ## - NÚMERO INTERNACIONAL ESTÁNDAR DEL LIBRO
Número Internacional Estándar del Libro 9789945582895 (v. 272)
020 ## - NÚMERO INTERNACIONAL ESTÁNDAR DEL LIBRO
Número Internacional Estándar del Libro 9789945443622 (serie)
040 ## - FUENTE DE LA CATALOGACIÓN
Centro catalogador/agencia de origen DO-SdBNP
Lengua de catalogación spa
Centro/agencia transcriptor BNPHU
Normas de descripción rda
082 #4 - NÚMERO DE LA CLASIFICACIÓN DECIMAL DEWEY
Número de clasificación 306.097293
Número de documento/Ítem V145c, 2020
Número de edición 22
100 1# - ENTRADA PRINCIPAL--NOMBRE DE PERSONA
Nombre de persona Valdez Albizu, Héctor,
Fechas asociadas al nombre 1947-
Término indicativo de función/relación autor
Código de función/relación aut.
9 (RLIN) 12322
245 13 - MENCIÓN DE TÍTULO
Título La cultura en el Banco Central :
Resto del título discursos 2018-2020 /
Mención de responsabilidad, etc. Héctor Valdez Albizu ; presentación y edición al cuidado de, José Alcántara Almánzar y Elvis Francis Soto ; colaboración, Hipólito Batista.
264 #4 - PRODUCCIÓN, PUBLICACIÓN, DISTRIBUCIÓN, FABRICACIÓN Y COPYRIGHT
Producción, publicación, distribución, fabricación y copyright Santo Domingo :
Nombre del de productor, editor, distribuidor, fabricante Editor Banco Central de la República Dominicana,
Fecha de producción, publicación, distribución, fabricación o copyright 2020.
300 ## - DESCRIPCIÓN FÍSICA
Extensión 154 paginas :
Otras características físicas ilustraciones, retratos. ;
Dimensiones 23 cm.
336 ## - TIPO DE CONTENIDO
Término de tipo de contenido texto
Código de tipo de contenido txt
Fuente rdacontent
337 ## - TIPO DE MEDIO
Nombre/término del tipo de medio sin mediación
Código del tipo de medio n
Fuente rdamedia
338 ## - TIPO DE SOPORTE
Nombre/término del tipo de soporte volumen
Código del tipo de soporte nc
Fuente rdacarrier
490 1# - MENCIÓN DE SERIE
Mención de serie Banco Central de la Republica Dominicana,
Designación de volumen o secuencia 272
490 1# - MENCIÓN DE SERIE
Mención de serie Arte y literatura,
Designación de volumen o secuencia 100
500 ## - NOTA GENERAL
Nota general Incluye datos biográficos del autor en las solapas.
505 0# - NOTA DE CONTENIDO CON FORMATO
Nota de contenido con formato Presentación--
Título Acto de puesta en circulación de las obras: La cultura en el Banco Central. Discursos 2016-2019--
-- Apertura de la exposición. Monumentos y motivos religiosos en billetes, monedas y sellos dominicanos--
-- Recital. Las hermanas Peña Comas en el Banco Central--
-- Acto de entrega de premios del Concurso Anual de Economía Biblioteca Juan Pablo Duarte--
-- Acto de puesta en circulación de las obras Manual de estética musical, de la profesora Edith Hernández--
-- Acto de entrega de premios del Concurso de Arte y Literatura Bancentral 2018--
-- Discursos 2019--
-- Acto conmemorativo en honos al Día de Juan Pablo Duarte--
-- Apertura de la exposición. Encuentro entre dos mundos: monedas, billetes y sellos.
505 0# - NOTA DE CONTENIDO CON FORMATO
Nota de contenido con formato Palabras del gobernador del Banco Central de la República Dominicana--
Título Participación en la Feria Internacional del Libro 2019--
-- Apertura de la exposición pictórica. Imágenes de la economía informal dominicana--
-- Apertura de la exposición Evolucjón del billete dominicano 1947-2017--
-- Recital. Jóvenes talentos del violín--
-- Acto de puesta en circulación de las obras de Julio Llort--
-- Acto de entrega de premios del Concurso Anual de Economía Biblioteca Juan Pablo Duarte--
-- Acto de entrega de premios del concurso de Arte y Literatura Bancentral 2019--
-- Discursos 2020--
-- Ofrenda floral en el Altar de la Patria--
-- Apertura de la exposición Juan Pablo Duarte en las emisiones del Banco Central y sellos conmemorativos.
590 ## - NOTA LOCAL (RLIN)
Nota local Inventariado, 2021 /LP<br/><br/>
610 20 - PUNTO DE ACCESO ADICIONAL DE MATERIA--NOMBRE DE ENTIDAD CORPORATIVA
Nombre de entidad corporativa o nombre de jurisdicción como elemento de entrada Banco Central de la República Dominicana
Subdivisión general Mecenazgo artístico
9 (RLIN) 83405
650 #4 - PUNTO DE ACCESO ADICIONAL DE MATERIA--TÉRMINO DE MATERIA
Término de materia o nombre geográfico como elemento de entrada Cultura
Subdivisión geográfica República Dominicana
Subdivisión cronológica 2018-2020
9 (RLIN) 78893
650 #4 - PUNTO DE ACCESO ADICIONAL DE MATERIA--TÉRMINO DE MATERIA
Término de materia o nombre geográfico como elemento de entrada Artes
Subdivisión geográfica República Dominicana
Subdivisión cronológica 2018-2020
9 (RLIN) 78897
700 1# - PUNTO DE ACCESO ADICIONAL--NOMBRE DE PERSONA
Nombre de persona Alcántara Almánzar, José
Fechas asociadas al nombre 1946-
Término indicativo de función/relación presentación y cuidado de edición
Código de función/relación pre. y ed.
9 (RLIN) 7018
700 1# - PUNTO DE ACCESO ADICIONAL--NOMBRE DE PERSONA
Nombre de persona Soto, Elvis Francis,
Término indicativo de función/relación editor
9 (RLIN) 39156
Código de función/relación ed.
700 1# - PUNTO DE ACCESO ADICIONAL--NOMBRE DE PERSONA
Nombre de persona Batista, Hipólito,
Término indicativo de función/relación colaborador
9 (RLIN) 78008
Código de función/relación co.
830 #0 - PUNTO DE ACCESO ADICIONAL DE SERIE-TÍTULO UNIFORME
Título uniforme Banco Central de la Republica Dominicana,
Número de parte o sección de la obra 272
9 (RLIN) 78009
830 #0 - PUNTO DE ACCESO ADICIONAL DE SERIE-TÍTULO UNIFORME
Título uniforme Arte y literatura,
Número de parte o sección de la obra 100
9 (RLIN) 78010
910 ## - DATOS DE OPCIÓN DEL USUARIO (OCLC)
Datos de opción del usuario Inventariado, 2021 /LP/Validado, 2021/MFF
942 ## - ELEMENTOS DE PUNTO DE ACCESO ADICIONAL (KOHA)
Fuente del sistema de clasificación o colocación Dewey Decimal Classification
Tipo de ítem Koha Libro
Holdings
Estado de retiro Estado de pérdida Fuente del sistema de clasificación o colocación Restricciones de uso No para préstamo Código de colección Localización permanente Ubicación/localización actual Ubicación en estantería Fecha de adquisición Fuente de adquisición Total de préstamos Signatura topográfica completa Código de barras Fecha visto por última vez Precio válido a partir de Tipo de ítem Koha Número de copia
    Dewey Decimal Classification Excluido de préstamo   Patrimonio Dominicano Biblioteca Nacional Pedro Henríquez Ureña Biblioteca Nacional Pedro Henríquez Ureña Depósito 04.03.2021 Depósito Legal   BNPHU PD 306.097293 V145c 2020 2021-0590 04.03.2021 04.03.2021 Libro  
    Dewey Decimal Classification Excluido de préstamo   Patrimonio Dominicano Biblioteca Nacional Pedro Henríquez Ureña Biblioteca Nacional Pedro Henríquez Ureña Depósito 04.03.2021 Depósito Legal   BNPHU PD 306.097293 V145c 2020 2021-0591 04.03.2021 04.03.2021 Libro e.2
    Dewey Decimal Classification Préstamo en sala   Dominicana de Servicio Biblioteca Nacional Pedro Henríquez Ureña Biblioteca Nacional Pedro Henríquez Ureña Depósito 04.03.2021 Depósito Legal   BNPHU DS 306.097293 V145c 2020 2021-0592 04.03.2021 04.03.2021 Libro e.3
    Dewey Decimal Classification Préstamo en sala   Dominicana de Servicio Biblioteca Nacional Pedro Henríquez Ureña Biblioteca Nacional Pedro Henríquez Ureña Depósito 18.01.2024 Donación   BNPHU DS 306.097293 V145c 2020 2024-0320 18.01.2024 18.01.2024 Libro e.4

Powered by Koha